Escudos de América - Estadísticas

Estadísticas generales
  • Esta prueba ha sido intentada 43 veces
    21 desde el último reinicio
  • La puntuación promedio es 27 de 35
Estadísticas de respuestas
Imagen Respuesta % Correcto
Colombia
100%
El Salvador
100%
Estados Unidos
100%
Argentina
92%
Belice
92%
Bolivia
92%
Ecuador
92%
Guatemala
92%
Haiti
92%
México
92%
Nicaragua
92%
Panama
92%
Peru
92%
Republica Dominicana
92%
Chile
83%
Uruguay
83%
Venezuela
83%
Canadá
75%
Dominica
75%
Paraguay
75%
Brasil
67%
Cuba
67%
Surinam
67%
Trinidad y Tobago
67%
Antigua y Barbuda
58%
Bahamas
58%
Barbados
58%
Costa Rica
58%
Granada
58%
Honduras
58%
Jamaica
58%
San Cristóbal y Nieves
58%
Santa Lucía
58%
San Vicente y las Granadinas
58%
Guyana
33%
No se encontraron pruebas coincidentes
Distribución de puntuación
Porcentaje de gente con cada puntuación
Porcentaje por número respondido
Historial de tus puntuaciones
No has intentado esta prueba desde el último reinicio